WPŁYW HEZYCHAZMU NA DUCHOWOŚĆ

Bibliographic Details
Main Author: Bp. Paisjusz (Piotr Martyniuk) (Author)
Format: Article
Language:Polish

MARC

LEADER 00000nab a2200000uu 4500
001 vtls011141335
003 SK-MaSNL
005 20260303151133.0
008 230222|2012 xo |||||||||||||||||pol|
015 |a SNBRB 
035 |a (urnnbn)urn:nbn:sk:snk:ar-008cel 
035 |a (uuid)a7789552-8b03-47df-99a5-600b5d0f5a0d 
035 |a urn:nbn:sk:snk-abat2g 
040 |a SNKBUCL  |b slo  |c SNKBUCL  |e AACR2 
041 0 |a pol 
044 |a xo  |c SK 
100 1 |a Bp. Paisjusz (Piotr Martyniuk)  |4 aut  |9 1170312 
245 1 0 |a WPŁYW HEZYCHAZMU NA DUCHOWOŚĆ  |c Bp. Paisjusz (Piotr Martyniuk{Rpara} 
773 0 |t Pravoslávny teologický zborník  |g Č. 38 (2012), s. 74-82 
958 |a OND 
958 |a EUIPO 
958 |a article14 
999 |c 2016267  |d 2018197